000 01290cam a2200205 4500
001 WB3809-21
008 020305n2002 000 0 eng u
035 _a(Sirsi) u116997
245 _aRent review
260 _c2002
490 _aEstates Gazette Case Summaries
_v[2002] 09 EG 218(CS) (02/03/02)
520 _aChD 11 February 2002. "Bisichi Mining plc v Bass Holdings Ltd". By an underlease dated 30 March 1962, the respondent granted to the appellant, 'from the date hereof', the remainder of a term of 125 years from 21 December 1960, less the last 20 days at a rent of £6 650 pa. The underlease provided for rent reviews thereafter at 21-year intervals. The issue that arose was in determining the date of the first rent review, and the identification of the start of the 'said term'. The appellant argued that the commencement date was 30 March 1962, while the respondent said the correct date was 21 December 1960. At arbitration the abitrator found that the date referred to was 21 December 1960. The appellant appealed. "Held", the appeal was allowed.
590 _aWB
650 _aRENT REVIEWS
650 _aCOMMENCEMENT DATES
650 _aUNDERLEASES
650 _aBISICHI MINING PLC V BASS HOLDINGS LTD
690 _aLANDLORD AND TENANT-RENT REVIEWS
942 _n0
999 _c69689
_d69689